000 00395nam a2200133Ia 4500
003 GCL
008 140319s9999 xx 000 0 ara d
040 _aGCL /
_cGCL
082 0 4 _a398.22
_bم ا
100 1 _aمحمد قطة العدوى
245 1 0 _aالف ليلة وليلة /
_cمحمد قطة العدوى
300 _a2008 ص
490 _aالهيئة العامة للاستعلامات
_v0
999 _c48265
_d48265